000 00229nam a2200097Ia 4500
001 709684
005 20250826162552.0
008 250824s9999 xx 000 0 und d
245 0 _aÖLÜ CANLAR
_cGOGOL
260 _bAKVARYUM YAYINLARI
999 _c709684
_d709684